[Event "Barcelona Sants op 11th"]
[Site "Barcelona"]
[Date "2009.07.16"]
[Round "4"]
[White "Zancas Vidal, Francisco Miguel"]
[Black "Heredia Tarrats, Amadeo"]
[Result "0-1"]
[WhiteElo "2027"]
[BlackElo "2173"]
[PlyCount "66"]
[EventDate "2009.07.13"]
[EventType "swiss"]
[EventRounds "9"]
[EventCountry "ESP"]
[SourceTitle "CBM 131 Extra"]
[Source "ChessBase"]
[SourceDate "2009.09.03"]
[SourceVersion "2"]
[SourceVersionDate "2009.09.16"]
[SourceQuality "1"]

1. Nf3 Nf6 2. g3 g6 3. Bg2 Bg7 4. 0-0 d5 5. d4 0-0 6. b3 c5 7. Bb2 Nc6 8. dxc5 Qa5 9. Nbd2 Qxc5 10. c4 d4 11. a3 a5 12. b4 axb4 13. axb4 Rxa1 14. bxc5 Rxd1 15. Rxd1 Rd8 16. Nb3 e5 17. Ng5 Bf5 18. e4 Bc8 19. f3 h6 20. Nh3 Be6 21. Bf1 Ra8 22. Ra1 Rxa1 23. Bxa1 Nd7 24. Bb2 Bf8 25. Bc1 Kg7 26. Nf2 Nxc5 27. Nxc5 Bxc5 28. Nd3 Be7 29. Ne1 Na5 30. f4 exf4 31. Bxf4 Nxc4 32. Nc2 Bc5 33. Bxc4 d3+ 0-1

[Event "Barcelona Sants op 11th"]
[Site "Barcelona"]
[Date "2009.07.15"]
[Round "3"]
[White "Heredia Tarrats, Amadeo"]
[Black "Riera Danes, Manel"]
[Result "1-0"]
[WhiteElo "2173"]
[BlackElo "2063"]
[PlyCount "117"]
[EventDate "2009.07.13"]
[EventType "swiss"]
[EventRounds "9"]
[EventCountry "ESP"]
[SourceTitle "CBM 131 Extra"]
[Source "ChessBase"]
[SourceDate "2009.09.03"]
[SourceVersion "2"]
[SourceVersionDate "2009.09.16"]
[SourceQuality "1"]

1. e4 c5 2. Nc3 Nc6 3. Nf3 d6 4. d4 cxd4 5. Nxd4 Nf6 6. Be3 e5 7. Nf3 Be7 8. Bc4 0-0 9. 0-0 a6 10. a4 Bg4 11. h3 Bh5 12. Qe2 Rc8 13. Rfd1 Qc7 14. Bb3 h6 15. Rac1 Na5 16. Bd5 Nc4 17. Rb1 Nxb2 18. Rxb2 Qxc3 19. Rxb7 Nxd5 20. Rxd5 Rfe8 21. Qxa6 Qxc2 22. Nd2 Bg6 23. f3 Bf8 24. a5 Rc3 25. Kf2 f5 26. Qb5 f4 27. Bb6 Bf7 28. Rxf7 Kxf7 29. a6 Rcc8 30. a7 Qc6 31. Qb3 Kf6 32. Ra5 Be7 33. Ra6 Ra8 34. Qa2 Rec8 35. Qa4 Qxa4 36. Rxa4 Ke6 37. Ke2 Bd8 38. Bf2 Rc6 39. Nc4 d5 40. exd5+ Kxd5 41. Kd3 Bc7 42. Bg1 Bd8 43. Bf2 Bc7 44. Bg1 Bd8 45. Rb4 Bc7 46. Bf2 Ra6 47. Rb5+ Ke6 48. Rc5 R8xa7 49. Ke4 g5 50. Nxe5 Rb7 51. Nd3 Ra4+ 52. Bd4 Rxd4+ 53. Kxd4 Bb6 54. Ke4 Kd6 55. Rd5+ Kc6 56. Ne5+ Kc7 57. Rd7+ Kc8 58. Rxb7 Kxb7 59. Nf7 1-0

[Event "Barcelona Sants op 11th"]
[Site "Barcelona"]
[Date "2009.07.14"]
[Round "2"]
[White "Gonzalez Rodriguez, Jorge Armando"]
[Black "Heredia Tarrats, Amadeo"]
[Result "1-0"]
[WhiteElo "2429"]
[BlackElo "2173"]
[PlyCount "69"]
[EventDate "2009.07.13"]
[EventType "swiss"]
[EventRounds "9"]
[EventCountry "ESP"]
[SourceTitle "CBM 131 Extra"]
[Source "ChessBase"]
[SourceDate "2009.09.03"]
[SourceVersion "2"]
[SourceVersionDate "2009.09.16"]
[SourceQuality "1"]

1. e4 e6 2. d3 d5 3. Nd2 c5 4. Ngf3 Nc6 5. c3 Nge7 6. Qe2 g6 7. g3 Bg7 8. Bg2 b6 9. 0-0 Qc7 10. Re1 Bb7 11. e5 0-0-0 12. Nf1 h6 13. h4 Ba6 14. N1h2 g5 15. hxg5 Ng6 16. Ng4 h5 17. Nf6 h4 18. g4 h3 19. Bf1 d4 20. c4 Bb7 21. Kh2 Rh4 22. Nxh4 Ncxe5 23. Bf4 Nxg4+ 24. Qxg4 Nxf4 25. Qg3 Rh8 26. Nf3 Bxf3 27. Qxf3 Bxf6 28. gxf6 Rh6 29. Re4 Rxf6 30. Qg3 e5 31. Rxf4 Rxf4 32. Bxh3+ f5 33. Re1 e4 34. Kg2 Qc6 35. Qxf4 1-0

[Event "Barcelona Sant Marti-A 03rd"]
[Site "Barcelona"]
[Date "2001.05.19"]
[Round "5.1"]
[White "Mas Recorda, Pere"]
[Black "Heredia Tarrats, Amadeo"]
[Result "0-1"]
[WhiteElo "2164"]
[BlackElo "2065"]
[PlyCount "60"]
[EventDate "2001.04.21"]
[EventType "tourn"]
[EventRounds "9"]
[EventCountry "ESP"]
[SourceTitle "EXT 2002"]
[Source "ChessBase"]
[SourceDate "2001.11.25"]
[SourceVersion "1"]
[SourceVersionDate "2001.11.25"]
[SourceQuality "1"]

1. d4 Nf6 2. Nf3 e6 3. e3 c5 4. Bd3 Nc6 5. c3 a6 6. 0-0 b6 7. e4 d5 8. Bg5 dxe4 9. Bxe4 Qc7 10. Bxf6 gxf6 11. d5 Qf4 12. Re1 f5 13. Bc2 Ne7 14. dxe6 Bxe6 15. Qe2 Bg7 16. Nbd2 0-0 17. Bb3 Nd5 18. Qc4 Qh6 19. Qh4 b5 20. Qxh6 Bxh6 21. Bxd5 Bxd5 22. Re5 Rad8 23. Nf1 Rfe8 24. Rxf5 Bg7 25. a3 c4 26. Nh4 h6 27. Rd1 Be4 28. Rxd8 Rxd8 29. Rf4 Bh7 30. Nf5 Rd1 0-1

[Event "Barcelona Sant Marti-A 03rd"]
[Site "Barcelona"]
[Date "2001.05.05"]
[Round "3.1"]
[White "Martin Garcia, Carlos"]
[Black "Heredia Tarrats, Amadeo"]
[Result "1-0"]
[WhiteElo "2116"]
[BlackElo "2065"]
[PlyCount "73"]
[EventDate "2001.04.21"]
[EventType "tourn"]
[EventRounds "9"]
[EventCountry "ESP"]
[SourceTitle "EXT 2002"]
[Source "ChessBase"]
[SourceDate "2001.11.25"]
[SourceVersion "1"]
[SourceVersionDate "2001.11.25"]
[SourceQuality "1"]

1. d4 Nf6 2. c4 c5 3. d5 b5 4. cxb5 a6 5. b6 e6 6. Nc3 Nxd5 7. Nxd5 exd5 8. Qxd5 Nc6 9. Nf3 Qxb6 10. Ne5 Nd8 11. Qxa8 Bb7 12. Qb8 Bd6 13. Nc4 Qb4+ 14. Bd2 Qxd2+ 15. Nxd2 Bxb8 16. e4 Ne6 17. Bc4 0-0 18. 0-0 Bf4 19. Rfd1 Nd4 20. Bd5 Rb8 21. Nc4 Bxd5 22. exd5 Rb4 23. b3 g6 24. Kf1 Kg7 25. g3 Bg5 26. Ne5 Rb7 27. f4 Bf6 28. Rac1 d6 29. Nc6 Nb5 30. Rd3 Kf8 31. b4 Bb2 32. Rc2 Ba3 33. bxc5 Bxc5 34. Rb3 Rc7 35. a4 Na7 36. Rb8+ Nc8 37. Nb4 1-0

[Event "Barcelona Sants op 03rd"]
[Site "Barcelona"]
[Date "2001.??.??"]
[Round "?"]
[White "Heredia Tarrats, Amadeo"]
[Black "Gurrutxaga Telleria, Jose Luis"]
[Result "1/2-1/2"]
[WhiteElo "2065"]
[BlackElo "2052"]
[PlyCount "36"]
[EventDate "2001.08.??"]
[EventType "swiss"]
[EventRounds "9"]
[EventCountry "ESP"]
[SourceTitle "EXT 2005"]
[Source "ChessBase"]
[SourceDate "2004.11.15"]
[SourceVersion "1"]
[SourceVersionDate "2004.11.15"]
[SourceQuality "1"]

1. e4 c5 2. Nc3 Nc6 3. Bb5 Nd4 4. Bc4 d6 5. Nge2 Nf6 6. d3 a6 7. a4 Nc6 8. 0-0 g6 9. f4 Bg7 10. Qe1 Nb4 11. Bb3 Be6 12. Bxe6 Nxc2 13. Qd1 Nxa1 14. Bc4 b5 15. axb5 axb5 16. Bxb5+ Kf8 17. Bd2 Qb6 18. Kh1 c4 1/2-1/2

[Event "Barcelona Sants op 03rd"]
[Site "Barcelona"]
[Date "2001.??.??"]
[Round "?"]
[White "Heredia Tarrats, Amadeo"]
[Black "Vargas Drechsler, Carlos"]
[Result "0-1"]
[WhiteElo "2065"]
[BlackElo "2188"]
[PlyCount "74"]
[EventDate "2001.08.??"]
[EventType "swiss"]
[EventRounds "9"]
[EventCountry "ESP"]
[SourceTitle "EXT 2005"]
[Source "ChessBase"]
[SourceDate "2004.11.15"]
[SourceVersion "1"]
[SourceVersionDate "2004.11.15"]
[SourceQuality "1"]

1. e4 e5 2. Nc3 Nf6 3. g3 c6 4. Qe2 Bc5 5. Bg2 0-0 6. Nf3 Re8 7. 0-0 d5 8. h3 Nbd7 9. d3 d4 10. Nd1 Bd6 11. Nh2 b5 12. f4 a5 13. f5 c5 14. g4 h6 15. h4 Nh7 16. Nf3 Be7 17. Qf2 c4 18. Qg3 f6 19. Rf2 Nc5 20. Bf1 Ba6 21. Rg2 b4 22. Nf2 b3 23. g5 hxg5 24. hxg5 Nxg5 25. Bxg5 fxg5 26. Qxe5 bxc2 27. dxc4 d3 28. Qc3 Bf6 29. e5 Bxe5 30. Nxe5 Rxe5 31. Qxe5 d2 32. Rd1 c1Q 33. Qxc5 Qxb2 34. Qe3 Qd7 35. Bd3 Re8 36. Ne4 Qbd4 37. Kf2 Qxf5+ 0-1